Statistics for Disney Animated Characters

Click here to take the quiz!

General Stats

  • This quiz has been taken 178 times
    (129 since last reset)
  • The average score is 31 of 116

Answer Stats

Answer% Correct
AAladdin
76%
AAriel
76%
CCinderella
71%
AAurora
67%
BBelle
67%
SSnow White
64%
AAnna
63%
EElsa
61%
JJasmine
61%
MMulan
60%
SSimba
60%
TTiana
58%
BBambi
57%
MMickey
57%
PPocahontas
55%
MMinnie
53%
UUrsula
53%
BBeast
51%
AAlice
49%
RRapunzel
49%
BBaloo
47%
HHercules
47%
OOlaf
47%
PPeter
47%
JJafar
46%
EEric
45%
WWendy
45%
MMowgli
43%
FFlynn
42%
GGoofy
41%
LLady
41%
PPinocchio
41%
SSebastian
41%
SScar
40%
FFlounder
39%
QQuasimodo
39%
TTinkerbell
37%
KKristoff
36%
JJohn (Smith)
35%
NNaveen
35%
CCaptain Hook
33%
GGenie
33%
RRobin Hood
33%
TTarzan
33%
TTramp
33%
PPrince Charming
31%
TThumper
31%
DDaisy
30%
MMegara
30%
WWinnie the Pooh
30%
JJane
28%
TTimon
28%
CCruella de Vil
27%
AArthur
25%
BBagheera
25%
LLilo
25%
OOliver
25%
SStitch
25%
FFlower
24%
PPongo
23%
PPumbaa
23%
SShere Khan
23%
PPhillip
22%
RRalph
22%
MMerlin
20%
PPerdita
20%
SShang
20%
PPiglet
19%
JJiminy
18%
MMichael
18%
MMushu
18%
FFairy Godmother
17%
BBolt
16%
MMaid Marian
16%
TTod
16%
CCopper
14%
LLittle John
14%
RRafiki
13%
PPenny
12%
VVanellope
12%
BBernard
11%
GGepetto
11%
MMiss Bianca
10%
CChristopher Robin
8%
FFelix
8%
MMadam Mim
8%
RRoger
8%
JJohn (Darling)
7%
EEsmerelda
6%
FFlik
6%
HHopper
6%
LLewis
6%
CChesire Cat
5%
CChicken Little
5%
DDodger
5%
FFriar Tuck
5%
KKoda
5%
AAtta
4%
BBlue Fairy
4%
GGiselle
4%
MMadam Medusa
4%
TTimothy
4%
WWilbur
4%
BBig Bad Wolf
2%
EEilonwy
2%
FFacilier
2%
MMaggie
2%
MMaleficient
2%
AAlameda
1%
BBr'er Bear
1%
BBr'er Fox
1%
BBr'er Rabbit
1%
GGrace
1%
JJessica
1%
MMrs. Calloway
1%
TTarran
0%

Score Distribution

Percentile by Number Answered

Percent of People with Each Score

Your Score History

You have not taken this quiz since the last reset